1074 1210 1610 1650 1679 1977 1510 1804 1132 1554 1067 1683 1306 1484 1615 1328 1936 1836 1794 1576 1920 1485 1603 1740 1624 1437 1321 1123 1549 1997 1647 1853 1862 1127 1175 1127 1255 1525 1902 1595 1560 1215 1151 1507 1946 1865 1827 1174 1405 1344 1005 1675 1084 1119 1466 1511 1746 1906 1064 1598 1916 1602 1178 1432 1078 1164 1247 1345 1039 1318 1179 1531 1555 1822 1850 1628 1881 1509 1006 1644 1716 1169 1647 1296 1980 1192 1443 1083 1160 1617 1324 1776 1475 1265 1225 1566 1716 1905 1249 BCNSPRNW ULIB Ver.6.0+V

เปลี่ยนเป็นภาษาไทย

Change to English
 แสดงรายละเอียดบรรณานุกรม
  กลับหน้าหลัก

Brief Record : Get Marc (ISO 2709) : E-mail record : QR code < ปิดหน้าต่าง
LEADER : 00000nam 2200000uu 4500
001    13399112662
003     ULIB
008    110830s2551||||th 000 0 tha d
050  4 JQ1746^bว844ภ 2551
100 0  วีระชัย คำล้าน
245 00 ภาค ก.ความรู้ความสามารถทั่วไป (หมวดวิชาภาษาไทย) /^cวีระชัย คำล้าน
250    พิมพ์ครั้งที่ 1
260    อุบลราชธานี :^bยงสวัสดิ์อินเตอร์กรุ๊ป,^c2551
300    130 หน้า ;^cแนวข้อสอบ
650  7 ความรู้ความสามารถทั่วไป
650  7 คู่มือเตรียบสอบ^xก.พ.
945    ^p125^l0^i027477
995    ทศพร
999 ^a ทศพร
รายการนี้ยังไม่มีแท็ก
คุณยังไม่ได้ล็อกอิน คุณสามารถมีกิจกรรมร่วมกับเว็บไซต์ได้ แต่ต้องล็อกอินก่อน ::
  ล็อกอิน

รายการสื่อสารสนเทศ

ลำดับที่ ประเภท เลขเรียก/บาร์โค้ด สถานที่ สถานะ
- ไม่พบข้อมูล -

BibComment


ยังไม่เคยถูกคอมเมนท์

คอมเมนท์ทรัพยากรรายการนี้
  คอมเมนท์: ภาค กความรู้ความส..


 Copyright 2026. Bcnsprnw @Library